000 00464ntaaa2200181 4500
003 01
005 20251027203139.0
008 0714s1973 ag 01
040 _aAR-BaBN
_bspa
_cAR-BaBN
_eaacr
_dRIC
082 _a221.6000 G44s
100 _aGirdlestone, Robert Baker
_93324
245 _aSynonyms of the Old Testament
250 _a1 ed.
260 _aGrand Rapids :
_bEerdmans,
_c1974
300 _a346 p
650 _aBiblia-A.T. Traduccion
_99719
942 _cBK
999 _c26851
_d26851